00729 2200265 4500001002100000005001500021035002000036007000300056008004100059020002200100082001100122084001700133100002000150245008800170250001000258260004300268300003500311500002600346650002500372700002200397990001100419990001100430990001100441990001100452INLIS00000000000598120200720110635 a0010-0720000149ta200720 f 0 ind  a978-602-223-068-7 a297.12 a297.12 JAM e0 aJAMILAH, Alatas1 aEnsiklopedi Anak Muslim 2 :bRukun Iman /cJamilah Alatas; editor, Andarini Saptika acet.1 aJakarta :bMultazam Mulia Utama,c2012 av, 101 hlm. :bilus. ;c25 cm. aBibliografi : hlm.101 4aISLAM. SUMBER AJARAN0 aANDARINI, Saptika a7558 a a7558 b a7558 c a7558 d